000 nam a22 a 4500
999 _c159287
_d159287
003 BLK
005 20201028111119.0
008 180410b bul|||||r ||||||| ||bul||
010 _aKNG00166399000
040 _aBLK
041 _aFRE
_cFRE
080 _aОбща история на философията
_b101(091)
_x(075)
_z101(091)(075)
100 1 _aJanet, Paul
_eпърви автор
_9334447
139 _aJanet, Paul
_bJ 23
245 1 0 _aTraite elementaire de philosophie
_bA L'Usage des classes
_cPaul Janet.
250 _a3. ed. revue corr.
257 _aFRA
260 _bDelagrave
_c1883
_aParis
300 _a803 с.
_c23 см
380 _a1
490 _9435080
_aКолекция Редки и ценни издания
650 4 _aФилософия - учебни помагала
_9251039
653 _aфилософия
653 _aфилософски категории
653 _aучебни помагала
852 _aРф 883
_bРц
856 4 _qpdf
942 _cKNG
_n0
_s1
944 _aCR
_c22.10.2014
_kНаталия_Медовщикова
944 _aED
_c13.11.2014
_kНаталия_Медовщикова
999 _d159287